000 00236nam a22000857a 4500
008 160718b xxu||||| |||| 00| 0 eng d
100 _92979
_a Twain, M
245 _aThe Adventures of Tom Sawyer
260 _aNew Delhi
_bOrient Publication
_c2001
999 _c2542
_d2542